书目信息 |
| 题名: |
流控技术在舰船中的应用
|
|
| 作者: | ;国外造船技术编译组 编 | |
| 分册: | 第一集 | |
| 出版信息: | 北京 人民交通出版社 1971 |
|
| 页数: | 42页 | |
| 开本: | 20cm | |
| 丛书名: | ||
| 单 册: | ||
| 中图分类: | TP6 | |
| 科图分类: | ||
| 主题词: | 射流技术 | |
| 电子资源: | ||
| ISBN: | ||
| 000 | 00650nam0 2200205 450 | |
| 001 | 0640941968 | |
| 005 | 20060518112448.01 | |
| 010 | @dCNY0.18 | |
| 100 | @a20060518d1971 km y0chiy0120 ea | |
| 101 | 0 | @achi |
| 102 | @aCN@b110000 | |
| 102 | @aCN@b110000 | |
| 200 | 1 | @a流控技术在舰船中的应用@Aliu kong ji shu zai jian chuan zhong de ying yong@h第一集@f国外造船技术编译组编@Fguo wai zao chuan ji shu bian yi zu bian |
| 210 | @a北京@c人民交通出版社@d1971 | |
| 215 | @a42页@d20cm | |
| 606 | 0 | @a射流技术 |
| 690 | @aTP6@v3 | |
| 711 | 0 | @a国外造船技术编译组@Aguo wai zao chuan ji shu bian yi zu@4编 |
| 801 | 0 | @aCN@bPFT@c20060518 |
| 905 | @a10447@dTP6@e4 | |
| 流控技术在舰船中的应用.第一集/国外造船技术编译组编.-北京:人民交通出版社,1971 |
| 42页;20cm |
| ISBN :CNY0.18 |
| ● |
| 相关链接 |
|
|
|
|
正题名:流控技术在舰船中的应用
索取号:TP6/4
 
预约/预借
| 序号 | 登录号 | 条形码 | 馆藏地/架位号 | 状态 | 备注 |
| 1 | 0015817 | 202334517 | 密集书库/ [索取号:TP6/4] | 在馆 |